Twenty questions an introduction to philosophy

Saved in:
Bibliographic Details
Main Author: BOWIE, G, Lee
Format: Book
Language:English
Published: Harcourt Brace Jovanovich College Publishers, 1992
Tags: Add Tag
No Tags, Be the first to tag this record!

MARC

LEADER 00000nam a22000007a 4500
008 210430b ||||| |||| 00| 0 eng d
020 |a 0-15-592389-7 
100 |a BOWIE, G, Lee 
245 |a Twenty questions  |b an introduction to philosophy  |c G. Lee Bowie, Meredith W. Michaels, Robert C. Solomon  |g  xiv, 809p.; ill. 
250 |b 2nd ed. 
260 |b Harcourt Brace Jovanovich College Publishers,  |c 1992  |h Fort Worth  |i 693773  |l BD21 .B67.  |m Philosophy – Introductions 
500 |a “It includes references.” 
942 |a lcc  |c BK  |e Adekanye, I. H.  |f 30/04/2021 
952 |0 0  |1 0  |2 lcc  |4 0  |6 BD0021 .B00067.  |7 0  |9 2384  |a HOL  |b HOL  |c AF  |d 2021-04-30  |l 0  |o BD21 .B67.  |p 2021-6235  |r 2021-04-30 00:00:00  |w 2021-04-30  |y BK 
999 |c 1232  |d 1232